| 000 | 01221nam0a22002411 4500 | ||
|---|---|---|---|
| 001 | rc\232051 | ||
| 005 | 20250621010411.0 | ||
| 035 | _a(NLR Aleph) 005490480 | ||
| 090 |
_a5201871 _c5201871 |
||
| 100 | _a20030307d1990 |||y0rusy50 ca | ||
| 101 | 0 | _arus | |
| 102 | _aRU | ||
| 105 | _aa ||||||||| | ||
| 200 | 1 |
_aСистема сбора и локализации отказов базового комплекса стандартного цифрового пилотажно-навигационного оборудования ВС ГА _e[Учеб. пособие для вузов гражд. авиации] _fВ.Г. Воробьев, В.П. Зыль, С.В. Кузнецов и др. _gМоск. ин-т инженеров гражд. авиации. Каф. техн. эксплуатации авиац. электрифицир. и пилотаж.-навигац. комплексов |
|
| 210 |
_aМ. _cМИИГА _d1990 |
||
| 215 |
_a100, [1] с. _cил. _d20 |
||
| 320 | _aБиблиогр.: с. 100 (6 назв.) | ||
| 701 | 1 |
_aВоробьев _bВ.Г. _gВладимир Георгиевич |
|
| 801 | 0 |
_aRU _bNLR _gpsbo |
|
| 801 | 1 |
_aRU _bELAR _2rusmarc |
|
| 852 |
_aNLR _j91-3/2545 |
||
| 942 | _cBOOK | ||
| 980 | _aNB | ||